000 00466nam a2200181Ia 4500
003 GCL
008 140319s9999 xx 000 0 eng d
040 _aGCL /
_cGCL
082 0 4 _a843
_bM I
100 1 _aMATZNEEFF, GEBRIEL
245 1 0 _aIVRS DU VIN PERDU /
_cMATZNEEFF, GEBRIEL
260 _a[S.N] :
_bLE LIVRE DE POCHE ،
_c1992
300 _a376 P
490 _aCOLLECTION FOLIO
_v0
650 0 4 _aLITERATURE
650 0 4 _aFRENCH LITERATURE
942 _2ddc
_cBK
999 _c23410
_d23410